|
|
|
|
| LEADER |
00925nam a2200241 a 4500 |
| 001 |
GR-MES368 |
| 008 |
991111s enk 000 b eng d |
| 020 |
|
|
|a 0813302218
|
| 020 |
|
|
|a 0813302218
|
| 040 |
|
|
|a GrPaTEI
|b gre
|c GR-PaULI
|
| 245 |
0 |
0 |
|a Recent advances in aquaculture
|n 2ος.
|
| 260 |
|
|
|a London :
|b Croon Helm
|a Colorado :
|b Westview,
|c c1985 c1985
|
| 300 |
|
|
|a 282 σελ. :
|b εικ.,πιν.
|
| 500 |
|
|
|a Περιλαμβάνει βιβλιογραφικές αναφορές
|
| 650 |
|
4 |
|a Υδατοκαλλιέργειες
|
| 700 |
1 |
|
|a Muir, James F.
|
| 700 |
1 |
|
|a Roberts, Ronald J.
|
| 710 |
0 |
|
|a Croon Helm
|
| 710 |
0 |
|
|a Westview
|
| 942 |
|
|
|2 ddc
|
| 952 |
|
|
|0 0
|1 0
|2 ddc
|4 0
|6 639_800000000000000_MUI
|7 0
|9 263590
|a MSLG
|b MSLG
|c BSC
|d 2021-01-17
|e 24
|f 0
|g 0.00
|l 0
|o 639.8 MUI
|p 2420000001202
|r 2021-01-17 00:00:00
|t 1
|w 2021-01-17
|y BK15
|x 19991111 0 1
|x GrPaTEI
|
| 971 |
|
|
|a .b25714090
|b 15-04-20
|c 13-09-16
|
| 999 |
|
|
|c 151750
|d 151750
|